000 00542nam a2200193Ia 4500
005 20250326141318.0
008 250326s9999 xx 000 0 und d
020 _a81-7100-610-0
037 _aTextbook
040 _aFMSL
_beng
_cFMSL
041 _aeng
_2eng
084 _aX:513 N4
_qFMSL
100 _aThakur D
_9105537
245 0 _aAdvertising marketing and sales management
_cThakur D
260 _aNew Delhi
_bNew Delhi, Deep & Deep Pub.
_c1994
300 _a307p
942 _cTB
_hX:513 N4
999 _c1289722
_d1289722